Vnedrenije oborudovanija s čislovym programmnym upravlenijem v mašinostrojenii

Uložené v:
Podrobná bibliografia
Hlavný autor: Mirošnikov, Leonid Petrovič
Médium: Kniha
Jazyk:Russian
Vydavateľské údaje: Kijev Naukova dumka 1987
Vydanie:1. izd.
Edícia:Monografija
Tagy: Pridať tag
Žiadne tagy, Buďte prvý, kto otaguje tento záznam!

MARC

LEADER 00000nam a2200000 4500
001 c023851
005 20221219133621.4
041 0 |a rus 
044 |a UA 
245 1 0 |a Vnedrenije oborudovanija s čislovym programmnym upravlenijem v mašinostrojenii  |c Leonid Petrovič Mirošnikov 
250 |a 1. izd. 
264 1 |a Kijev  |b Naukova dumka  |c 1987 
300 |a 105 s. 
490 1 |a Monografija 
830 0 |a Monografija 
100 1 |a Mirošnikov, Leonid Petrovič